| 000 | 02216nam a2200445 a 4500 | ||
|---|---|---|---|
| 001 | ebr10723099 | ||
| 003 | CaPaEBR | ||
| 006 | m o u | ||
| 007 | cr cn||||||||| | ||
| 008 | 060828s2007 wiuab sb 001 0beng d | ||
| 010 | _z 2006028144 | ||
| 020 | _z9780870203824 (hardcover : alk. paper) | ||
| 020 | _z9780870205699 (e-book) | ||
| 040 |
_aCaPaEBR _cCaPaEBR |
||
| 035 | _a(OCoLC)849928862 | ||
| 043 |
_an-us--- _an-us-wi _an-cn-on |
||
| 050 | 1 | 4 |
_aE450.G58 _bJ33 2007eb |
| 082 | 0 | 4 |
_a973.7/115092 _aB _222 |
| 100 | 1 | _aJackson, Ruby West. | |
| 245 | 1 | 0 |
_aFinding freedom _h[electronic resource] : _bthe untold story of Joshua Glover, runaway slave / _cRuby West Jackson, Walter T. McDonald. |
| 260 |
_aMadison, Wis. : _bWisconsin Historical Society Press, _cc2007. |
||
| 300 |
_axii, 158 p. : _bill., maps. |
||
| 504 | _aIncludes bibliographical references (p. 135-150) and index. | ||
| 505 | 0 | _aA slave in St. Louis -- The "peculiar institution" -- Rumblings in Wisconsin -- Flight to freedom -- Life in Racine -- A violent capture and thrilling escape -- Glover goes by rail -- Trials and tribulations -- The promised land -- Sweet and bitter : life on the farm -- "A stabbing affray" -- The end of the line -- The aftermath -- The search for Joshua Glover. | |
| 533 |
_aElectronic reproduction. _bPalo Alto, Calif. : _cebrary, _d2013. _nAvailable via World Wide Web. _nAccess may be limited to ebrary affiliated libraries. |
||
| 600 | 1 | 0 | _aGlover, Joshua. |
| 600 | 1 | 0 |
_aGlover, Joshua _xFriends and associates. |
| 650 | 0 |
_aFugitive slaves _zUnited States _vBiography. |
|
| 650 | 0 |
_aFugitive slaves _zWisconsin _vBiography. |
|
| 650 | 0 |
_aUnderground Railroad _zWisconsin. |
|
| 650 | 0 |
_aAntislavery movements _zWisconsin _xHistory _y19th century. |
|
| 650 | 0 |
_aAfrican Americans _zOntario _vBiography. |
|
| 650 | 0 |
_aSlaves _zMissouri _zSaint Louis _vBiography. |
|
| 651 | 0 |
_aRacine (Wis.) _vBiography. |
|
| 651 | 0 |
_aEtobicoke (Toronto, Ont.) _vBiography. |
|
| 655 | 7 |
_aElectronic books. _2local |
|
| 700 | 1 | _aMcDonald, Walter T. | |
| 710 | 2 | _aebrary, Inc. | |
| 856 | 4 | 0 |
_uhttp://site.ebrary.com/lib/rucke/Doc?id=10723099 _zAn electronic book accessible through the World Wide Web; click to view |
| 999 |
_c39943 _d39943 |
||